Score 0/28 Timer 15:00
0 Plays Today
Hint Answer % Correct
Batteryintent to inflict contact
100%
Batteryactual infliction of harmful or offensive contact
100%
Assaultintent to cause imminent apprehension of harmful contact
100%
Assaultintent to cause imminent apprehension of offensive contact
100%
Assaultthe other person is put in such imminent apprehension
66.7%
False Imprisonmentacting with intent to confine another
66.7%
False Imprisonmentall elements must be met
66.7%
False Imprisonmentconfinement is within boundaries fixed by the actor
33.3%
False Imprisonmentact directly or indirectly causes such confinement
33.3%
False Imprisonmentthe other person is either conscious of or harmed by confinement
33.3%
False Imprisonmentconfinement must be complete within the eyes of the plaintiff
33.3%
Intentional Infliction of Emotional Distressliable if EITHER
33.3%
Intentional Infliction of Emotional DistressIntentionally causes severe emotional harm by extreme and outrageous conduct
33.3%
Intentional Infliction of Emotional DistressRecklessly causes severe emotional harm by extreme and outrageous conduct
33.3%
Hint Answer % Correct
Trespass to Landintentionally doing any of the following
33.3%
Trespass to Landenters land possessed by another
33.3%
Trespass to Landcauses a thing to enter land possessed by another
33.3%
Trespass to Landcauses a third person to enter land possessed by another
33.3%
Trespass to Landremains on the land of another
33.3%
Trespass to Landfails to remove something from the land that they have a duty to remove
33.3%
Trespass to Chattelsliable if and only if one of the following
33.3%
Trespass to Chattelscondition, quality, or value is impaired
33.3%
Trespass to Chattelspossessor is deprived of use for a substantial amount of time
33.3%
Trespass to Chattelsbodily harm is caused to possessor
33.3%
Trespass to Chattelsharm is caused to some person or thing which possessor has legally protected interest
33.3%
Conversionintentional exercise of authority or control over a chattel
33.3%
Conversionserious interference with possessor's right to control the chattel so that
33.3%
Conversionthe actor may be required to pay full value of chattel
33.3%

You're not logged in!

Compare scores with friends on all Sporcle quizzes.
OR
Log In

Sporcle TV

Today on Sporcle TV


Watch our educational content, quiz creation guides, and fun videos on Sporcle TV.

Show Comments

Extras

Created Oct 3, 2019ReportNominate
Tags:Education, intentional, law, Study, tort

Top Quizzes Today


Score Distribution

Paid Content

Your Account Isn't Verified!

In order to create a playlist on Sporcle, you need to verify the email address you used during registration. Go to your Sporcle Settings to finish the process.

Report this User

Report this user for behavior that violates our Community Guidelines.

Details: